[Event "Nouadhibou Independence op"]
[Site "Nouadhibou"]
[Date "2014.11.30"]
[Round "9"]
[White "Boydia, Sidi"]
[Black "Ebnou, Sidahmed"]
[Result "1-0"]
[WhiteElo "2084"]
[BlackElo "1611"]
[PlyCount "69"]
[EventDate "2014.11.27"]
[EventType "swiss"]
[EventRounds "9"]
[EventCountry "MAU"]
[SourceTitle "CBM 163 Extra"]
[Source "ChessBase"]
[SourceDate "2014.12.23"]
[SourceVersion "1"]
[SourceVersionDate "2014.12.23"]
[SourceQuality "1"]

1. e4 d5 2. exd5 Nf6 3. d4 Qxd5 4. c4 Qd8 5. Nf3 Bg4 6. Be2 c6 7. Nc3 e6 8. 0-0 Be7 9. Be3 0-0 10. a3 Nbd7 11. b4 a6 12. Qb3 Rc8 13. Rab1 Ne8 14. Ne5 Bxe2 15. Nxe2 Nd6 16. Ng3 Bf6 17. f4 Nf5 18. Ne4 Bxe5 19. dxe5 Qe7 20. Bf2 Rfd8 21. g4 Nh4 22. Qg3 Ng6 23. Nd6 Rc7 24. h4 c5 25. h5 Nh8 26. g5 b6 27. Rb3 Nb8 28. Rd1 Nc6 29. b5 axb5 30. cxb5 Nd4 31. Bxd4 cxd4 32. Rxd4 Rdd7 33. a4 Kf8 34. Qd3 g6 35. h6 1-0

[Event "MAU-ch"]
[Site "Nouadhibou"]
[Date "2013.12.28"]
[Round "2"]
[White "Ebnou, Sidahmed"]
[Black "Babahmed, Abdellah"]
[Result "1-0"]
[WhiteElo "1630"]
[BlackElo "1784"]
[PlyCount "75"]
[EventDate "2013.12.28"]
[EventType "swiss"]
[EventRounds "11"]
[EventCountry "MAU"]
[SourceTitle "CBM 158 Extra"]
[Source "ChessBase"]
[SourceDate "2014.02.28"]
[SourceVersion "1"]
[SourceVersionDate "2014.02.28"]
[SourceQuality "1"]

1. e4 c5 2. f4 e6 3. Nf3 Nf6 4. e5 Nd5 5. d4 Be7 6. c3 a6 7. Bd3 0-0 8. h4 cxd4 9. Bxh7+ Kh8 10. Bc2 Ne3 11. Bxe3 dxe3 12. Ng5 g6 13. h5 Bxg5 14. hxg6+ Bh4+ 15. g3 fxg6 16. Rxh4+ Kg7 17. Qg4 Rf5 18. Na3 d5 19. 0-0-0 e2 20. Qxe2 Nd7 21. Rdh1 Nf8 22. Qf3 b5 23. g4 g5 24. gxf5 gxh4 25. Qg4+ Kf7 26. f6 Ke8 27. Qg7 Rb8 28. Rxh4 Rb7 29. Bg6+ Nxg6 30. Qxg6+ Kd7 31. Rh7+ Kc6 32. f7 b4 33. Nb1 bxc3 34. Nxc3 Qb6 35. Rh2 Qe3+ 36. Rd2 Qxf4 37. Nxd5 Rxf7 38. Nxf4 1-0